000 00633nam a22001695i 4500
001 53496
003 ES-MaACL
005 20230906162758.0
007 t|
008 951002s1873 sp ||||1| spa d
040 _aCAM
_bspa
_cCAM
111 2 _aExposición Universal (
_d1873.
_cViena)
_9138874
245 1 0 _aCataluña en la Exposición Universal de Viena en 1873
_b: Catálogo detallado de los productos que los expositores han remitido a dicha exposición y de los premios que han obtenido.
260 _aBarcelona :
_b[s.n.],
_c1873 (
_fimprenta de Leopoldo Domenech)
300 _a120 p. ;
_c18 cm.
852 _aES-MaACL
_jG-1901
999 _c53496
_d53496